| 000 | 00582nam a22001937a 4500 | ||
|---|---|---|---|
| 005 | 20161024151547.0 | ||
| 010 | _aENG-116288 | ||
| 020 |
_a9788180901683 _c1100.00 |
||
| 035 | _aEN-99820 | ||
| 037 | _bDBAD/PUB | ||
| 082 | _a230.6 | ||
| 245 |
_aConstitution of Ancient Hindu family / _cedited by J.E. Padfield |
||
| 260 |
_aDelhi _bBhartiya Kala Prakashan _c2008 |
||
| 270 |
_a3421-A,IInd Floor Narang Colony,Tri Nagar _bDelhi _e110035 |
||
| 300 |
_a702p. _c21cm(Hb) |
||
| 500 | _aIncludes index | ||
| 700 | _a Padfield,J.E. | ||
| 942 |
_2ddc _cEN _h230.6 _mPAD |
||
| 999 |
_c104189 _d104189 |
||